000 00552nam a2200193 4500
001 125840
003 ES-MaACL
005 20230906192716.0
007 t|
008 070214s1953 sp r ||||1| spa d
100 1 _aRawlings, Marjorie Kinnan.
_995608
245 1 3 _aEl despertar /
_cMarjorie Kinnan Rawlings ; versión española de J. Mª C.
250 _a1ª. ed.
260 _aBarcelona :
_bLuis de Caralt,
_c1953.
300 _a396 p. ;
_c21 cm.
700 1 _aJ. M. C.
_9203457
852 _aES-MaACL
_jC-10472
_bR.36470
999 _c125840
_d125840